000
00258nam a22001097a 4500
008
160511b xxu||||| |||| 00| 0 eng d
020
_a
027805919
041
_a
eng
080
_a
61
245
_a
Clincs in sports medicine:
_c
Marc R. Safran MD;
942
_2
udc
_c
BK
999
_c
2048
_d
2048